Sociálna politika v Národnej diaľničnej spoločnosti bakalárska práca

Saved in:
Bibliographic Details
Main Author: Beutelhauserová, Barbara
Corporate Author: Národohospodárska fakulta EU. Katedra sociálneho rozvoja a práce
Other Authors: Klimko, Roman, 1985-
Format: Book
Language:Slovak
Published: Bratislava 2017
Tags: Add Tag
No Tags, Be the first to tag this record!

MARC

LEADER 00000nbm a2200000 4500
001 0233816
005 20171018160129.1
041 0 |a slo 
044 |a SK 
245 1 0 |a Sociálna politika v Národnej diaľničnej spoločnosti  |b bakalárska práca  |c Barbara Beutelhauserová ; školiteľ: Roman Klimko 
264 1 |a Bratislava  |c 2017 
300 |a 39 s. 
100 1 |a Beutelhauserová, Barbara 
700 1 |a Klimko, Roman, 1985- 
710 2 |a Národohospodárska fakulta EU. Katedra sociálneho rozvoja a práce